| 000 | 00920 a2200229 4500 | ||
|---|---|---|---|
| 003 | Nust | ||
| 005 | 20230118135332.0 | ||
| 010 | _a 97032768 | ||
| 020 | _a0566079380 | ||
| 040 | _cNust | ||
| 082 | 0 | 0 | _a658,HAN |
| 245 | 0 | 4 | _aThe Gower handbook of management / edited by Dennis Lock. |
| 246 | 3 | 0 | _aHandbook of management |
| 250 | _a4th ed. | ||
| 260 |
_aAldershot, Hampshire, England ; _aBrookfield, Vt., USA : _bGower, _cc1998. |
||
| 300 |
_axli, 1253 p. : _bill. ; _c25 cm. |
||
| 505 | _aGeneral Management (Page-3), Financial Management (Page-225), Marketing And Selling (Page-327), Operations Management (Page-579), Materials And Bought-Out Services (Page-783).Administration (Page-869), Human Resources Management (Page-1009), The Personal Skills Of Management (Page-1131). | ||
| 650 | 0 | _aManagement. | |
| 700 | 1 |
_aLock, Dennis. _942609 |
|
| 710 | 2 |
_aGower Publishing Company. _9106998 |
|
| 942 |
_cREF _2ddc |
||
| 999 |
_c175992 _d175992 |
||